00399 2200157 4500001002100000008004100021035002000062245003000082100001900112260003200131300002200163020002200185084001400207082000800221990001200229INLIS000000000002888 IND  a0010-0925000235 aKarena-MucEric Kerontong aEric Kerontong aJakartabRumah Ornayec2013 a304c(13 x 19 cm) a978-602-1588-24-6 a813 ERI k a813 a0755110